Central Library and Information Centre
Sibsagar Girls' College, Sivasagar : Assam

THE MUNICIPAL ADMINISTRATION IN INDIA (Record no. 4061)

MARC details
000 -LEADER
fixed length control field 00345cam a2200145ua 4500
008 - FIXED-LENGTH DATA ELEMENTS--GENERAL INFORMATION
fixed length control field 131211n II |||gr||||Z||||||eng
040 ## - CATALOGING SOURCE
Original cataloging agency MAIN
041 ## - LANGUAGE CODE
-- English
082 ## - DEWEY DECIMAL CLASSIFICATION NUMBER
Classification number 350.54 BHA
100 ## - MAIN ENTRY--PERSONAL NAME
Personal name BHARDWAJ , R.K.
245 ## - TITLE STATEMENT
Title THE MUNICIPAL ADMINISTRATION IN INDIA
942 ## - ADDED ENTRY ELEMENTS (KOHA)
Koha item type Books
653 ## - INDEX TERM--UNCONTROLLED
Uncontrolled term Public Administration in India
Holdings
Withdrawn status Lost status Damaged status Not for loan Collection code Home library Current library Shelving location Date acquired Full call number Barcode Date last seen Copy number Price effective from Koha item type Public note
        TBPSC Central Library and Information Centre Sibsagar Girls College Central Library and Information Centre Sibsagar Girls College POLITICAL SC BOOK RACK 21.04.1972 350.54 BHA 03878 27.02.2020 1 27.02.2020 Books V


Sibsagar Girl's College © 2020. All rights reserved.
Powered by Koha.
Maintained by Abhijit Borpuzari.